Cities by Letter and Picture-H - Statistics

General Stats
  • This quiz has been taken 21 times
  • The average score is 7 of 12
Answer Stats
Picture Hint Answer % Correct
Asia Hong Kong
90%
North America Havana
85%
North America Houston
80%
Europe Hamburg
60%
Europe Helsinki
60%
Oceania Hobart
55%
Asia Hyderabad
55%
Africa Harare
50%
Asia Hangzhou
45%
Asia Harbin
35%
Asia Hiroshima
35%
Asia Ho Chi Min City
5%
No matching quizzes found
Score Distribution
Percent of People with Each Score
Percentile by Number Answered
Your Score History
You have not taken this quiz